| 000 | 01059cam a2200253 4500 | ||
|---|---|---|---|
| 001 | ##E129390 | ||
| 002 | ##8838 | ||
| 008 | 050415n2006 000 0 eng u | ||
| 020 |
_a1842192280 _a9781842192280 |
||
| 035 | _a(Sirsi) u129390 | ||
| 041 | 0 | _aeng | |
| 050 | 0 | 4 | _a692.3 $2 18 |
| 100 | 1 | _aDavidson, John | |
| 245 | 0 | 0 |
_aSMM7 _bquestions and answers |
| 260 |
_aLondon _bRICS _c2006 |
||
| 300 |
_aviii, 104p. _bill _c30cm. |
||
| 350 | _a24.99 | ||
| 520 | _aProvides a rapid reference guide to common SMM7 (ISBN 0854063609) measurement problems with answers to real questions received by the SMM7 queries secretary. Follows the same structure as SMM7 and will help surveyors and estimators understand in a clear and practical way the more confusing aspects of the measurement code. Includes over 400 answers to frequently asked questions, including illustrations. | ||
| 590 | _aIKA031006 | ||
| 651 | 4 |
_aUnited Kingdom _y |
|
| 690 | _aBUILT ENVIRONMENT-QUANTITY SURVEYING-STANDARD METHOD OF MEASURMENT | ||
| 700 | 1 | _aHambleton, Paul | |
| 942 | _n0 | ||
| 999 |
_c104171 _d104171 |
||